000 00414nam a2200133Ia 4500
005 20260328101447.0
008 260328s9999||||xx |||||||||||||| ||und||
100 _aCortés Larreamendy, Fernando
245 0 _aKarl Brunner :
_b La Construcción de la Ciudad como Espacio Público /
_cFernando Cortés Larreamendy
260 _bEmbajada de Austria en Bogotá
300 _a36 p.
650 _aARQUITECTOS
942 _cBK
999 _c8496
_d8496